The real price of Japanese money
Uloženo v:
| Hlavní autor: | |
|---|---|
| Médium: | Kniha |
| Jazyk: | Undetermined |
| Vydáno: |
London
Weidenfeld & Nicolson
1996
|
| Témata: | |
| Tagy: |
Přidat tag
Žádné tagy, Buďte první, kdo otaguje tento záznam!
|
| Thư viện lưu trữ: | Trung tâm Học liệu Trường Đại học Cần Thơ |
|---|
| LEADER | 00487nam a2200169Ia 4500 | ||
|---|---|---|---|
| 001 | CTU_78840 | ||
| 008 | 210402s9999 xx 000 0 und d | ||
| 082 | |a 332.4 | ||
| 082 | |b M978 | ||
| 100 | |a Murphy, R. Taggart | ||
| 245 | 4 | |a The real price of Japanese money | |
| 245 | 0 | |c R. Taggart Murphy | |
| 260 | |a London | ||
| 260 | |b Weidenfeld & Nicolson | ||
| 260 | |c 1996 | ||
| 650 | |a Financial institutions,International finace | ||
| 980 | |a Trung tâm Học liệu Trường Đại học Cần Thơ | ||